000 00515nam a22001577a 4500
005 20251108164820.0
008 250721s9999 xx 000 0 ara d
082 1 4 _a616.12/صوي
100 1 _aالصويص، سهيل
245 1 0 _aتصلب شرايين القلب :
_bالعوامل المسببة : الوقاية و العلاج /
264 _bالمكتب العالمي للطباعة و النشر،
_c[19-].
300 _a159ص
650 1 7 _aأمراض القلب
942 _2ddc
_cBK
999 _c15046
_d15046